书目信息 |
| 题名: |
建筑信息模型应用统一标准
|
|
| 作者: | 中华人民共和国住房和城乡建设部主编 , 批准 | |
| 分册: | ||
| 出版信息: | 北京 中国建筑工业出版社 2017.04 |
|
| 页数: | 34页 | |
| 开本: | 20cm | |
| 丛书名: | 中华人民共和国国家标准 | |
| 单 册: | ||
| 中图分类: | TU201.4-65 | |
| 科图分类: | ||
| 主题词: | 建筑设计 | |
| 电子资源: | ||
| ISBN: | ||
| 000 | 01152nam0 2200277 450 | |
| 001 | 2361774427 | |
| 005 | 20230619171220.71 | |
| 010 | @dCNY10.00 | |
| 091 | @a15112·28988 | |
| 100 | @a20190318d2017 km y0chiy0120 ea | |
| 101 | 0 | @achi |
| 102 | @aCN@b110000 | |
| 200 | 1 | @a建筑信息模型应用统一标准@Ajian zhu xin xi mo xing ying yong tong yi biao zhun@eGB/T 51212-2016@f中华人民共和国住房和城乡建设部主编,批准@Fzhong hua ren min gong he guo zhu fang he cheng xiang jian she bu zhu bian,pi zhun |
| 210 | @a北京@c中国建筑工业出版社@d2017.04 | |
| 215 | @a34页@d20cm | |
| 225 | 2 | @a中华人民共和国国家标准 |
| 300 | @a中华人民共和国住房和城乡建设部 中华人民共和国国家质量监督检验检疫总局 联合发布 2016-12-02发布 2017-07-01实施 | |
| 410 | 0 | @12001 @a中华人民共和国国家标准 |
| 510 | @a= Unified standard for building information modeling | |
| 517 | @aGB/T 51212-2016 | |
| 606 | 0 | @a建筑设计 |
| 690 | @aTU201.4-65@v4 | |
| 701 | 0 | @a中华人民共和国住房和城乡建设部主编@Azhong hua ren min gong he guo zhu fang he cheng xiang jian she bu zhu bian |
| 701 | 0 | @a批准@Api zhun |
| 801 | 0 | @aCN@b河南城建学院图书馆@c20190318 |
| 905 | @dTU201.4-65@eZ9114 | |
| 建筑信息模型应用统一标准:GB/T 51212-2016/中华人民共和国住房和城乡建设部主编,批准.-北京:中国建筑工业出版社,2017.04 |
| 34页;20cm.-(中华人民共和国国家标准) |
| 中华人民共和国住房和城乡建设部 中华人民共和国国家质量监督检验检疫总局 联合发布 2016-12-02发布 2017-07-01实施.-←并列题名:= Unified standard for building information modeling |
| ISBN :CNY10.00 |
| ● |
| 相关链接 |
|
|
|
正题名:建筑信息模型应用统一标准
索取号:TU201.4-65/Z9114
 
预约/预借
| 序号 | 登录号 | 条形码 | 馆藏地/架位号 | 状态 | 备注 |
| 1 | 1506346 | 215063464 | 土木与交通工程学院资料室/ [索取号:TU201.4-65/Z9114] | 在馆 | |
| 2 | 1506347 | 215063473 | 土木与交通工程学院资料室/ [索取号:TU201.4-65/Z9114] | 在馆 | |
| 3 | 1506348 | 215063482 | 土木与交通工程学院资料室/ [索取号:TU201.4-65/Z9114] | 在馆 | |
| 4 | 1506349 | 215063491 | 土木与交通工程学院资料室/ [索取号:TU201.4-65/Z9114] | 在馆 | |
| 5 | 1506350 | 215063507 | 土木与交通工程学院资料室/ [索取号:TU201.4-65/Z9114] | 在馆 | |
| 6 | 1506351 | 215063516 | 土木与交通工程学院资料室/ [索取号:TU201.4-65/Z9114] | 在馆 | |
| 7 | 1506352 | 215063525 | 土木与交通工程学院资料室/ [索取号:TU201.4-65/Z9114] | 在馆 | |
| 8 | 1506353 | 215063534 | 土木与交通工程学院资料室/ [索取号:TU201.4-65/Z9114] | 在馆 | |
| 9 | 1506354 | 215063543 | 土木与交通工程学院资料室/ [索取号:TU201.4-65/Z9114] | 在馆 | |
| 10 | 1506355 | 215063552 | 土木与交通工程学院资料室/ [索取号:TU201.4-65/Z9114] | 在馆 |